The wisdom to know the difference : (Record no. 121)

MARC details
000 -LEADER
fixed length control field 01524cam a22003254a 4500
005 - DATE AND TIME OF LATEST TRANSACTION
control field 20260322212007.0
008 - FIXED-LENGTH DATA ELEMENTS--GENERAL INFORMATION
fixed length control field data
010 ## - LIBRARY OF CONGRESS CONTROL NUMBER
LC control number 2011039770
020 ## - INTERNATIONAL STANDARD BOOK NUMBER
International Standard Book Number 9781572249288 (pbk.)
020 ## - INTERNATIONAL STANDARD BOOK NUMBER
International Standard Book Number 9781572249295 (pdf e-book)
020 ## - INTERNATIONAL STANDARD BOOK NUMBER
International Standard Book Number 1572249285
040 ## - CATALOGING SOURCE
Original cataloging agency DLC
Transcribing agency DLC
Modifying agency DLC
042 ## - AUTHENTICATION CODE
Authentication code pcc
050 00 - LIBRARY OF CONGRESS CALL NUMBER
Classification number BF637.C4
Item number W557 2012
082 00 - DEWEY DECIMAL CLASSIFICATION NUMBER
Classification number 616.86/03
Edition information 23
092 ## - LOCALLY ASSIGNED DEWEY CALL NUMBER (OCLC)
Classification number 616.86 Wil 2012
001 - CONTROL NUMBER
control field data
100 1# - MAIN ENTRY--PERSONAL NAME
Personal name Wilson, Kelly G.
245 14 - TITLE STATEMENT
Title The wisdom to know the difference :
Remainder of title an acceptance & commitment therapy workbook for overcoming substance abuse /
Statement of responsibility, etc. Kelly G. Wilson & Troy DuFrene.
260 ## - PUBLICATION, DISTRIBUTION, ETC.
Place of publication, distribution, etc. Oakland, CA :
Name of publisher, distributor, etc. New Harbinger Publications, Inc.,
Date of publication, distribution, etc. c2012.
300 ## - PHYSICAL DESCRIPTION
Extent vi, 173 p. :
Other physical details ill. ;
Dimensions 26 cm.
504 ## - BIBLIOGRAPHY, ETC. NOTE
Bibliography, etc. note Includes bibliographical references (p. [171]-173).
505 0# - FORMATTED CONTENTS NOTE
Formatted contents note Prologue: a personal story -- Many paths to recovery, but only one for you -- In this very moment -- Will you? -- The sweet and the sad -- Holding stories lightly -- Being the author -- Turning back, in kindness -- Epilogue: the next day, and the day after that -- Afterword: some thoughts on the 12- step approach --Resources -- References.
650 #0 - SUBJECT ADDED ENTRY--TOPICAL TERM
Topical term or geographic name entry element Change (Psychology)
650 #0 - SUBJECT ADDED ENTRY--TOPICAL TERM
Topical term or geographic name entry element Acceptance and commitment therapy.
700 1# - ADDED ENTRY--PERSONAL NAME
Personal name DuFrene, Troy,
Dates associated with a name 1972-
906 ## - LOCAL DATA ELEMENT F, LDF (RLIN)
a 7
b cbc
c orignew
d 1
e ecip
f 20
g y-gencatlg
925 0# -
-- acquire
-- 1 shelf copies
-- policy default
955 ## - COPY-LEVEL INFORMATION (RLIN)
-- rd06 2011-10-04
-- rc20 2012-04-30 to BCCD
Holdings
Withdrawn status Lost status Damaged status Not for loan Home library Current library Shelving location Date acquired Total checkouts Full call number Barcode Date last seen Price effective from Koha item type
        Franklin Franklin General stacks 22/03/2026   616.86/03 23 BC0010125 22/03/2026 22/03/2026 Books